LEADER 01198nam a2200277 u 4500 001 000000003658 003 CaOOAMICUS 005 20070226104549.0 008 941103s1910 gw u000 u lat u 035 $a10095931 040 $aCStRLIN$bita$dNNPM 100 1 $aDiehl, Ernst,$d1874-1944.$0(OLS)http://pul/name/3805 245 10$aVulgärlateinische Inschriften /$cherausgegeben von Ernst Diehl. 260 $aBonn :$bA. Marcus und E. Weber,$c1910. 300 $a176 p. ;$c19 cm 490 1 $aKleine Texte für Vorlesungen und Übungen ;$v62 500 $aIncludes indexes. 650 0$aInscriptions, Latin$xCollections.$2//eng$0(OLS)http://pul/subject/1534 650 0$aLatin language, Vulgar.$2//eng$0(OLS)http://pul/subject/3074 830 0$aKleine Texte für Vorlesungen und Übungen ;$v62.$0(OLS)http://pul/title/703 850 $aPUL 852 $aPUL$W1$xDP1 Fondo Ciprotti$y59$m1550 A 15$j4886$nBK-PRI$b $qFondi$B4886$CPULBib$Z2$F4886 $H $81 941 1 $a1 961 $aINV: Fondo Ciprotti 996 $6245$aVulgärlateinische Inschriften$9(OLS)http://pul/title/5358 996 $6260$aBonn :$bA. Marcus und E. Weber$9(OLS)http://pul/publisher/48167 LEADER 01196nam a2200289 u 4500 001 000000064772 003 CaOOAMICUS 005 20070226121407.0 008 011123s1925 it u000 u ita u 035 $a10911222 040 $aPUL(R)$bita 041 1 $aita$heng 100 1 $aHill Green, Thomas.$0(OLS)http://pul/name/43742 245 10$aEtica :$b(Prolegomena to Ethics) /$cThomas Hill Green ; opera postuma a cura di A.C. Bradley, M.H. ; traduzione e introduzione di Cesare Goretti. 260 $aTorino :$bBocca,$c1925. 300 $a434 p. ;$c24 cm 490 1 $aBiblioteca di scienze moderne ;$v88 504 $aNote bibliografiche. 650 4$aEtica.$0(OLS)http://pul/subject/547 700 1 $aGoretti, Cesare.$0(OLS)http://pul/name/39301 700 1 $aBradley, Andrew Cecil,$d1851-1935.$0(OLS)http://pul/name/43743 830 0$aBiblioteca di scienze moderne.$0(OLS)http://pul/title/412 850 $aPUL 852 $aPUL$W1$xDP2 Filosofia 1$y62$m88 G 28$j83927$nBK-PRI$b $qStampati$B83927$CPULBib$Z2$F83927 $81 941 1 $a8 996 $6245$aEtica :$b(Prolegomena to Ethics)$9(OLS)http://pul/title/86269 996 $6260$aTorino :$bBocca$9(OLS)http://pul/publisher/48036